00962nam a2200241Ia 450000100060000000300090000600800410001504000130005604000130006904100130008210000260009510000290012124500560015024500330020625000110023926000130025026000270026326000490029030000580033950002530039765000390065065000310068992429IT-RoPAU130308s9999 xx 000 0 und d aIT-RoPAU cIT-RoPAU aSPAGNOLO aCasado Velarde Manuel gCodice Aut. SPICS: 32285 aComunicacion y manipulaciones a traves del lenguaje bFilosofia de la Comunicacion a1a ed. aPAMPLONA bUniversidad De Navarra c1986 [1° Ed.:1986 - Ed.Ling.Originale:1986] a"15 p. (prefazione: no ; testo: 15 [pagine: 95-109])" aComunicazione e Manipolazioni Tramite Il Linguaggio pregiudizi contro le Lingue Storiche Lingue Storiche e Linguaggi tecnici Verità e Falsità Nei Linguaggi tecnici piano Universale del Linguaggio piano del Discorso Linguaggio figurato e Verita' aTEORIA DELLA COMUNICAZIONE SOCIALE eCodice materia Spics: 3802